Billings Logan International Airport Destinations (Billings, MT, USA) - Statistics

General Stats
  • This quiz has been taken 73 times
    39 since last reset
  • The average score is 9 of 16
Answer Stats
Airline Destination % Correct
American Eagle/United Express Chicago (O'Hare)
100%
American Eagle Dallas/Fort Worth
96%
Alaska Airlines Seattle/Tacoma
96%
United Airlines/United Express Denver
93%
Alaska Airlines Portland (OR)
85%
Allegiant Air Las Vegas
78%
Delta Air Lines Minneapolis/St. Paul
74%
Delta Air Lines/Delta Connection Salt Lake City
74%
Allegiant Air Phoenix/Mesa
67%
American Eagle Phoenix (Sky Harbor)
67%
Allegiant Air San Diego
37%
Cape Air Havre
26%
Cape Air Glendive
19%
Cape Air Wolf Point
15%
Cape Air Glasgow (MT)
11%
Cape Air Sidney (MT)
11%
No matching quizzes found
Score Distribution
Percent of People with Each Score
Percentile by Number Answered
Your Score History
You have not taken this quiz since the last reset